000 00938nam a2200277 i 4500
003 DO-SdBNP
005 20240314151039.0
007 ta
008 240314s2022 dr ac 000 j spa d
020 _a9798838047311
040 _aDO-SdBNP
_bspa
_cBNPHU
_erda
082 _bC284
_222
100 _aCarlo, Ericarol
_911765
245 1 4 _aMás presente en 66 días /
_cEricarol Carlo ; prólogo Joel Carlo Roman
246 1 _aMás presente en 66 días :
_buna guía paso a paso para apagar el piloto automático y disfrutar más de la vida.
264 1 _aSanto Domingo :
_b[editor no identificado],
_c2022.
300 _a[60] páginas,
_c23 cm.
336 _2rdacontent
_atexto
_btxt
337 _2rdamedia
_asin mediación
_bn
338 _2rdacarrier
_avolumen
_bnc
504 _aBibliografía p: 60
590 _aInventariado, 2024/ YL
700 1 _aCarlo Román, Joel
_eprólogo
_985035
910 _aYLockward
942 _2ddc
_cLBS1
999 _c56114
_d56114